Autoritarismo y democracia 1955-1983 : (Registro nro. 14376)
[ vista simple ]
| 000 -CABECERA | |
|---|---|
| campo de control de longitud fija | 01285nam a22003610a 4500 |
| 001 - NÚMERO DE CONTROL | |
| campo de control | PT7705 |
| 003 - IDENTIFICADOR DEL NÚMERO DE CONTROL | |
| campo de control | AR-LpoUNG |
| 005 - FECHA Y HORA DE LA ÚLTIMA TRANSACCIÓN | |
| campo de control | 20210131232219.0 |
| 008 - DATOS DE LONGITUD FIJA--INFORMACIÓN GENERAL | |
| campo de control de longitud fija | 191001s1997||||ag |||||||||||||||||spa d |
| 020 ## - NÚMERO INTERNACIONAL ESTÁNDAR DEL LIBRO | |
| Número Internacional Estándar del Libro | 9509122491 |
| Condiciones de disponibilidad | $6.53 |
| 040 ## - FUENTE DE LA CATALOGACIÓN | |
| Centro catalogador/agencia de origen | AR-LpoUNG |
| Lengua de catalogación | spa |
| Centro/agencia transcriptor | AR-LpoUNG |
| Normas de descripción | aacr |
| 041 ## - CÓDIGO DE LENGUA | |
| Código de lengua del texto/banda sonora o título independiente | spa |
| 044 ## - CÓDIGO DEL PAÍS DE LA ENTIDAD EDITORA/PRODUCTORA | |
| Código MARC del país | ag |
| 082 0# - NÚMERO DE LA CLASIFICACIÓN DECIMAL DEWEY | |
| Número de clasificación | 982.064 376aut |
| 100 1# - ENTRADA PRINCIPAL--NOMBRE DE PERSONA | |
| Nombre de persona | Cavarozzi, Marcelo |
| 245 10 - MENCIÓN DE TÍTULO | |
| Título | Autoritarismo y democracia 1955-1983 : |
| Resto del título | la transición del Estado al mercado en la Argentina |
| 250 ## - MENCIÓN DE EDICIÓN | |
| Mención de edición | 1§ edición |
| 260 ## - PUBLICACIÓN, DISTRIBUCIÓN, ETC. | |
| Lugar de publicación, distribución, etc. | Buenos Aires : |
| Nombre del editor, distribuidor, etc. | Ariel, |
| Fecha de publicación, distribución, etc. | octubre de 1997. |
| 300 ## - DESCRIPCIÓN FÍSICA | |
| Extensión | 261 p. : |
| Otras características físicas | tbls. |
| 520 ## - SUMARIO, ETC. | |
| Sumario, etc. | Este libro abarca los años que van desde 1955 hasta 1996. En estas cuatro décadas la Argentina ha transitado por gobiernos militares y ha emprendido la construcción de una democracia cada vez más sólida. Al análisis de las etapas indicadas se ha agregado un nuevo capítulo que analiza los cambios acontecidos entre 1983 y 1996. |
| 650 #4 - PUNTO DE ACCESO ADICIONAL DE MATERIA--TÉRMINO DE MATERIA | |
| Término de materia o nombre geográfico como elemento de entrada | ASPECTOS POLITICOS |
| 650 #4 - PUNTO DE ACCESO ADICIONAL DE MATERIA--TÉRMINO DE MATERIA | |
| Término de materia o nombre geográfico como elemento de entrada | DEMOCRACIA |
| 650 #4 - PUNTO DE ACCESO ADICIONAL DE MATERIA--TÉRMINO DE MATERIA | |
| Término de materia o nombre geográfico como elemento de entrada | DESARROLLO POLITICO |
| 650 #4 - PUNTO DE ACCESO ADICIONAL DE MATERIA--TÉRMINO DE MATERIA | |
| Término de materia o nombre geográfico como elemento de entrada | DICTADURA |
| 650 #4 - PUNTO DE ACCESO ADICIONAL DE MATERIA--TÉRMINO DE MATERIA | |
| Término de materia o nombre geográfico como elemento de entrada | ESTABILIDAD POLITICA |
| 650 #4 - PUNTO DE ACCESO ADICIONAL DE MATERIA--TÉRMINO DE MATERIA | |
| Término de materia o nombre geográfico como elemento de entrada | GOBIERNO |
| 650 #4 - PUNTO DE ACCESO ADICIONAL DE MATERIA--TÉRMINO DE MATERIA | |
| Término de materia o nombre geográfico como elemento de entrada | POLITICA |
| 650 #4 - PUNTO DE ACCESO ADICIONAL DE MATERIA--TÉRMINO DE MATERIA | |
| Término de materia o nombre geográfico como elemento de entrada | POLITICOS |
| 650 #4 - PUNTO DE ACCESO ADICIONAL DE MATERIA--TÉRMINO DE MATERIA | |
| Término de materia o nombre geográfico como elemento de entrada | SISTEMAS POLITICOS |
| 651 #4 - PUNTO DE ACCESO ADICIONAL DE MATERIA--NOMBRE GEOGRÁFICO | |
| Nombre geográfico | Argentina |
| 905 ## - ELEMENTOS DE DATOS E LOCAL, LDE (RLIN) | |
| a | 7705 |
| 942 ## - ELEMENTOS DE PUNTO DE ACCESO ADICIONAL (KOHA) | |
| Tipo de ítem Koha | Libro |
| Estado de retiro | Estado de pérdida | Estado dañado | No para préstamo | Código de colección | Localización permanente | Ubicación/localización actual | Fecha de adquisición | Total de préstamos | Signatura topográfica completa | Código de barras | Fecha visto por última vez | Fecha del último préstamo | Precio válido a partir de | Tipo de ítem Koha | Fuente del sistema de clasificación o colocación |
|---|---|---|---|---|---|---|---|---|---|---|---|---|---|---|---|
| Colección General | Biblioteca Universidad Nacional de General Sarmiento | Biblioteca Universidad Nacional de General Sarmiento | 31/01/2021 | 3 | 982.064 376aut | 00010825 | 15/10/2025 | 02/09/2025 | 31/01/2021 | Libro | |||||
| Dañado | No es para préstamo | Colección General | Biblioteca Universidad Nacional de General Sarmiento | Biblioteca Universidad Nacional de General Sarmiento | 31/01/2021 | 982.064 376aut | 00019086 | 31/01/2021 | 31/01/2021 | Libro | Dewey Decimal Classification |